000 00610nam a22001817a 4500
005 20140808163814.0
010 _aENG-110347
020 _a9789350624913
_c495.00
035 _aEN-93879
037 _bDBAD/PUB
100 _aAbrol, Sunil
245 _aInnovative @ best practices in HRD and training :
_cby Sunil Abrol [and] Rajeshwari Narendran
_baward winning case studies /
260 _aNew Delhi
_bExcel Books
_c2014
270 _aA-45, Naraina, Phase I
_bNew Delhi
_e110028
300 _axiv,386p. :
_c24cm(pbk)
_bill.
700 _aNarendran, Rajeshwari
942 _2ddc
_cEN
_mABR
_h658.3
999 _c86267
_d86267